Enfoque modular de la enseñanza, 1; el autoperfeccionamiento del profesor /

Guardado en:
Autor Principal: Villar Angulo, Luis Miguel
Formato: Libro
Publicado: España : Cincel-kapelusz, 1980
Series:Di logos en educaci¢n,2
Materias:
Etiquetas: Agregar Etiqueta
Sin Etiquetas, Sea el primero en etiquetar este registro!
LEADER 00861nam a22002055a 4500
001 CEM.cems006946
005 20060214000000.0
008 130507s1980##################000#0#####d
003 CEMS
082 0 4 |a 370.7 
100 1 |a Villar Angulo, Luis Miguel 
245 1 0 |a Enfoque modular de la enseñanza, 1; el autoperfeccionamiento del profesor / 
260 |a España :  |b Cincel-kapelusz,  |c 1980 
300 |a 183 p. 
490 0 |a Di logos en educaci¢n,2 
505 0 |a Intoducci¢n imp¡rica a la ense¤anza; Luis Miguel Villar Angulo.- Relaciónes interpersonales: L.M.Villar Angulo.- Participaci¢n del estudiante; Jos' Manuel L¢pez; Entusiasmo docente; L.M.Villar Angulo.- Creatividad; Andr's Esteban Arbu's 
653 |a Educacion 
653 |a Formacion docente 
653 |a Perfeccionamiento docente 
859 |a CEMS  |b BIB. CEMS - 11 de abril  |h 370.7  |i V713  |p 11230.82  |t Ej.1